000 00897nam a2200181Ia 4500
008 100921s9999 xx 000 0 und d
082 _b33016
_a369.254 थ 99
100 _aशुक्ल भय्यासाहेब,शुक्ल मुकुंद.
245 _aज्येष्ठ नागरिक संघ चळवळीचा इतिहास.
260 _bदिपाली प्रकाशन, कल्याण.
_c1999
300 _a193
_bदिपाली प्रकाशन, कल्याण
365 _b125
520 _aस.शा.-संघ,संघटना.
630 _aज्येष्ठ नागरिक संघ चळवळीचा इतिहास.
650 _aस.शा.-संघ,संघटना.
730 _aज्येष्ठ नागरिक संघ चळवळीचा इतिहास.
942 _cBOOK
999 _c782129
_d782126